[Event "EU-Cup 32nd"]
[Site "Novi Sad"]
[Date "2016.11.11"]
[Round "6.5"]
[White "Waterfield, John"]
[Black "Ten Vergert, Paul"]
[Result "0-1"]
[WhiteElo "1986"]
[BlackElo "2210"]
[PlyCount "101"]
[EventDate "2016.11.06"]
[EventType "team-swiss"]
[EventRounds "7"]
[EventCountry "SRB"]
[SourceTitle "CBM 176"]
[Source "ChessBase"]
[SourceDate "2017.01.17"]
[SourceVersion "1"]
[SourceVersionDate "2017.01.17"]
[SourceQuality "1"]
[WhiteTeam "Abergavenny"]
[BlackTeam "JSV SISSA"]
[WhiteTeamCountry "WLS"]
[BlackTeamCountry "NED"]

1. e4 c5 2. Nf3 Nc6 3. Nc3 Nf6 4. Bb5 g6 5. e5 Ng4 6. Bxc6 dxc6 7. h3 Nh6 8. g4 Bg7 9. d3 f5 10. exf6 exf6 11. Be3 Qe7 12. Qd2 Nf7 13. 0-0-0 Be6 14. Ne4 b6 15. Qc3 0-0-0 16. g5 Nxg5 17. Nfxg5 fxg5 18. Bxg5 Qf8 19. Qa3 Rd7 20. Kb1 Kb7 21. Be3 Bd4 22. c3 Bxe3 23. fxe3 c4 24. Qxf8 Rxf8 25. Ng5 Re8 26. dxc4 Rxd1+ 27. Rxd1 Bxc4 28. Rd7+ Ka6 29. Rxh7 Rxe3 30. h4 Re1+ 31. Kc2 Re2+ 32. Kc1 Re1+ 33. Kc2 Re2+ 34. Kc1 Bxa2 35. Rg7 Bb3 36. Rxg6 Rc2+ 37. Kd1 Rh2+ 38. Kc1 Rc2+ 39. Kd1 Rh2+ 40. Kc1 Rxh4 41. Nf3 Rh1+ 42. Rg1 Rh3 43. Nd2 Bd5 44. Kc2 b5 45. Rf1 Kb6 46. b4 a5 47. bxa5+ Kxa5 48. Nb3+ Kb6 49. Rf2 b4 50. Nd2 Rxc3+ 51. Kb2 0-1

[Event "EU-Cup 32nd"]
[Site "Novi Sad"]
[Date "2016.11.06"]
[Round "1.5"]
[White "Ten Vergert, Paul"]
[Black "Kogan, Artur"]
[Result "0-1"]
[WhiteElo "2210"]
[BlackElo "2522"]
[PlyCount "98"]
[EventDate "2016.11.06"]
[EventType "team-swiss"]
[EventRounds "7"]
[EventCountry "SRB"]
[SourceTitle "CBM 176"]
[Source "ChessBase"]
[SourceDate "2017.01.17"]
[SourceVersion "1"]
[SourceVersionDate "2017.01.17"]
[SourceQuality "1"]
[WhiteTeam "JSV SISSA"]
[BlackTeam "Ashdod"]
[WhiteTeamCountry "NED"]
[BlackTeamCountry "ISR"]

1. e4 c5 2. Nf3 e6 3. d4 cxd4 4. Nxd4 a6 5. Nc3 b5 6. Bd3 Bb7 7. 0-0 d6 8. Kh1 Nf6 9. a3 Nbd7 10. Nb3 Qc7 11. Bf4 Ne5 12. Qe2 Be7 13. Rad1 0-0 14. Bg3 g6 15. f4 Nc4 16. Bxc4 Qxc4 17. Qe3 a5 18. Qb6 Qc6 19. Qxc6 Bxc6 20. Nd4 Rac8 21. Ndxb5 Nxe4 22. Nxe4 Bxb5 23. Rf2 d5 24. Nc3 Ba6 25. Rfd2 Bf6 26. Bf2 Rb8 27. Na4 Bb5 28. Nc5 Bxb2 29. c4 Bxc4 30. Nd7 Bc3 31. Nxf8 Rxf8 32. Rc2 Bb3 33. Rxc3 Bxd1 34. Rc1 Bb3 35. Rc5 a4 36. Bd4 f6 37. Rc7 e5 38. Bc5 Re8 39. fxe5 fxe5 40. Kg1 d4 41. Re7 Rxe7 42. Bxe7 Kf7 43. Bd8 Ke6 44. Kf2 Kd5 45. Ke2 e4 46. Bg5 e3 47. Kd3 Bc4+ 48. Kc2 d3+ 49. Kd1 Bb3+ 0-1

[Event "Oberliga Nord W 1516"]
[Site "Germany"]
[Date "2016.01.17"]
[Round "5.2"]
[White "Ten Vergert, Paul"]
[Black "Hoeffer, David"]
[Result "1/2-1/2"]
[WhiteElo "2207"]
[BlackElo "2304"]
[PlyCount "145"]
[EventDate "2015.09.20"]
[EventType "team-tourn"]
[EventRounds "9"]
[EventCountry "GER"]
[SourceTitle "CBM 170 Extra"]
[Source "ChessBase"]
[SourceDate "2016.02.25"]
[SourceVersion "1"]
[SourceVersionDate "2016.02.25"]
[SourceQuality "1"]
[WhiteTeam "Nordhorn Blanke"]
[BlackTeam "Delmenhorst"]
[WhiteTeamCountry "GER"]
[BlackTeamCountry "GER"]

1. e4 c5 2. Nf3 e6 3. d4 cxd4 4. Nxd4 Bc5 5. Nb3 Bb6 6. Nc3 Ne7 7. Bd3 Nbc6 8. 0-0 0-0 9. Na4 Bc7 10. f4 f5 11. e5 b6 12. Nc3 a6 13. Be3 g5 14. g3 Bb7 15. Qh5 g4 16. h3 gxh3 17. a3 Ng6 18. Qxh3 Rf7 19. Rad1 Rg7 20. Kf2 Ncxe5 21. fxe5 Nxe5 22. Ke2 Bf3+ 23. Rxf3 Nxf3 24. Bf2 Ne5 25. Qh1 Nxd3 26. Rxd3 Rb8 27. Kd1 Qf6 28. Nd4 Qg6 29. Nde2 Be5 30. Qh4 d5 31. Nf4 Bxf4 32. Qxf4 Qg4+ 33. Ne2 Qxf4 34. Nxf4 Re7 35. Bd4 Kf7 36. Re3 b5 37. Nd3 Rc8 38. Ne5+ Kg8 39. Nd3 Kf7 40. Ne5+ Kg8 41. Nd3 a5 42. c3 Rce8 43. Be5 h5 44. Re1 Rh7 45. Rh1 Ra8 46. Rh4 Rc8 47. Bd4 Kf7 48. Ke2 Ke7 49. Kf2 Kd6 50. Be5+ Kc6 51. Nf4 Re8 52. Nxh5 Rb7 53. Nf4 b4 54. axb4 axb4 55. Nd3 b3 56. Ra4 Ree7 57. Ra3 Rh7 58. Kg2 Kb5 59. Bd4 Kc6 60. Ra6+ Kb5 61. Rxe6 Rhe7 62. Rd6 Re2+ 63. Kf3 Rh2 64. Rxd5+ Kc4 65. Nf4 Rc7 66. Bf2 Rh1 67. Rd4+ Kb5 68. Rb4+ Kc6 69. Rxb3 Rd7 70. Rb6+ Kc7 71. Rb5 Rd2 72. Ke3 Rc2 73. Rxf5 1/2-1/2

[Event "NED-chT 1415"]
[Site "Netherlands"]
[Date "2015.04.25"]
[Round "9.7"]
[White "Ten Vergert, Paul"]
[Black "Willemze, Thomas"]
[Result "1/2-1/2"]
[WhiteElo "2214"]
[BlackElo "2416"]
[PlyCount "70"]
[EventDate "2014.09.27"]
[EventType "team-tourn"]
[EventRounds "9"]
[EventCountry "NED"]
[SourceTitle "EXT 2016"]
[Source "ChessBase"]
[SourceDate "2015.10.08"]
[SourceVersion "1"]
[SourceVersionDate "2015.10.08"]
[SourceQuality "1"]
[WhiteTeam "SISSA"]
[BlackTeam "BSG"]
[WhiteTeamCountry "NED"]
[BlackTeamCountry "NED"]

1. e4 d5 2. exd5 Qxd5 3. Nc3 Qa5 4. Bc4 Nf6 5. d3 c6 6. Bd2 Qc7 7. Nge2 b5 8. Bb3 a5 9. a3 Nbd7 10. 0-0 e6 11. Bf4 e5 12. Bg3 Bd6 13. f4 0-0 14. fxe5 Nxe5 15. Qd2 Neg4 16. Ne4 Nxe4 17. dxe4 Bxg3 18. Nxg3 a4 19. Ba2 Be6 20. Bxe6 fxe6 21. Kh1 Qa7 22. h3 Ne3 23. Rxf8+ Rxf8 24. Qd6 Qf7 25. Kh2 c5 26. Re1 Qf2 27. Qxe6+ Kh8 28. Rg1 Qxc2 29. Qe7 Rg8 30. Qg5 Qf2 31. Nf5 Nxf5 32. Qxf5 Rf8 33. Qd5 Re8 34. Qc6 Qf4+ 35. Kh1 Qxe4 1/2-1/2

[Event "NED-chT 1415"]
[Site "Netherlands"]
[Date "2015.02.07"]
[Round "5.3"]
[White "Fridman, Daniel"]
[Black "Ten Vergert, Paul"]
[Result "1-0"]
[WhiteElo "2648"]
[BlackElo "2214"]
[PlyCount "54"]
[EventDate "2014.09.27"]
[EventType "team-tourn"]
[EventRounds "9"]
[EventCountry "NED"]
[SourceTitle "EXT 2016"]
[Source "ChessBase"]
[SourceDate "2015.10.08"]
[SourceVersion "1"]
[SourceVersionDate "2015.10.08"]
[SourceQuality "1"]
[WhiteTeam "Calder HMC"]
[BlackTeam "SISSA"]
[WhiteTeamCountry "NED"]
[BlackTeamCountry "NED"]

1. Nf3 c5 2. c4 g6 3. e4 Nc6 4. d4 cxd4 5. Nxd4 Bg7 6. Be3 d6 7. Nc3 Nf6 8. Be2 0-0 9. 0-0 Bd7 10. f3 Rc8 11. Qd2 Nxd4 12. Bxd4 Bc6 13. b4 b6 14. Rac1 Qd7 15. Rfd1 Rfd8 16. a4 Qb7 17. Rb1 Be8 18. a5 e5 19. Be3 Qc7 20. Bg5 Bc6 21. axb6 axb6 22. Nd5 Bxd5 23. cxd5 Qc2 24. Bb5 Rc7 25. Qe1 Qc3 26. Bd2 Qd4+ 27. Be3 Qc3 1-0

[Event "Oberliga Nord W 1415"]
[Site "Germany"]
[Date "2015.01.18"]
[Round "5.2"]
[White "Ten Vergert, Paul"]
[Black "Kollars, Dmitrij"]
[Result "0-1"]
[WhiteElo "2215"]
[BlackElo "2347"]
[PlyCount "44"]
[EventDate "2014.09.22"]
[EventType "team-tourn"]
[EventRounds "9"]
[EventCountry "GER"]
[SourceTitle "EXT 2016"]
[Source "ChessBase"]
[SourceDate "2015.10.08"]
[SourceVersion "1"]
[SourceVersionDate "2015.10.08"]
[SourceQuality "1"]
[WhiteTeam "Nordhorn Blanke"]
[BlackTeam "Delmenhorst"]
[WhiteTeamCountry "GER"]
[BlackTeamCountry "GER"]

1. e4 e5 2. Nf3 Nc6 3. Bc4 Nf6 4. d4 exd4 5. 0-0 Bc5 6. c3 Nxe4 7. cxd4 d5 8. dxc5 dxc4 9. Qe2 Qd3 10. Re1 f5 11. Nc3 0-0 12. Nxe4 fxe4 13. Qxe4 Bf5 14. Qf4 Be6 15. Qg3 Bd5 16. Ng5 h6 17. Nh3 Nd4 18. Be3 Ne2+ 19. Rxe2 Qxe2 20. Bd4 Rf7 21. f3 Re8 22. Nf4 Qd2 0-1

[Event "NED-chT 1415"]
[Site "Netherlands"]
[Date "2014.11.22"]
[Round "3.1"]
[White "Van Wely, Loek"]
[Black "Ten Vergert, Paul"]
[Result "1-0"]
[WhiteElo "2650"]
[BlackElo "2214"]
[PlyCount "85"]
[EventDate "2014.09.27"]
[EventType "team-tourn"]
[EventRounds "9"]
[EventCountry "NED"]
[SourceTitle "EXT 2016"]
[Source "ChessBase"]
[SourceDate "2015.10.08"]
[SourceVersion "1"]
[SourceVersionDate "2015.10.08"]
[SourceQuality "1"]
[WhiteTeam "Charlois Europoort"]
[BlackTeam "SISSA"]
[WhiteTeamCountry "NED"]
[BlackTeamCountry "NED"]

1. d4 Nf6 2. c4 e5 3. dxe5 Ng4 4. Nf3 Nc6 5. Bf4 Bb4+ 6. Nc3 Bxc3+ 7. bxc3 Qe7 8. Qd5 f6 9. exf6 Nxf6 10. Qd3 d6 11. g3 0-0 12. Bg2 Bg4 13. 0-0 Rae8 14. Rae1 Ne4 15. Nd2 Bf5 16. Nxe4 Bxe4 17. Bxe4 Qxe4 18. f3 Qe6 19. e4 b6 20. Rf2 Ne7 21. Bc1 Nc6 22. f4 Na5 23. c5 bxc5 24. Qa6 Nc4 25. Qxa7 Qf7 26. Qa4 Ne5 27. Qc2 Ng4 28. Rfe2 Qh5 29. c4 Re6 30. Bb2 Rh6 31. Qd2 Qh3 32. f5 Kh8 33. Qg5 Rg8 34. Rb1 Nf6 35. Bc3 Re8 36. Rb7 Rh5 37. Qf4 Rxf5 38. Qxf5 Qxf5 39. exf5 Rxe2 40. a4 Kg8 41. a5 Ne8 42. Bb2 Rc2 43. Rb8 1-0

[Event "Oberliga Nord W 1314"]
[Site "Germany"]
[Date "2013.11.10"]
[Round "2.3"]
[White "Ten Vergert, Paul"]
[Black "Gentemann, Moritz"]
[Result "1/2-1/2"]
[WhiteElo "2199"]
[BlackElo "2214"]
[PlyCount "56"]
[EventDate "2013.10.13"]
[EventType "team-tourn"]
[EventRounds "9"]
[EventCountry "GER"]
[SourceTitle "EXT 2015"]
[Source "ChessBase"]
[SourceDate "2014.11.20"]
[SourceVersion "1"]
[SourceVersionDate "2014.11.20"]
[SourceQuality "1"]
[WhiteTeam "Nordhorn Blanke"]
[BlackTeam "Lister Turm"]
[WhiteTeamCountry "GER"]
[BlackTeamCountry "GER"]

1. e4 e6 2. d4 d5 3. Nc3 Nf6 4. Bg5 Bb4 5. e5 h6 6. Bc1 Ne4 7. Qg4 Kf8 8. Nge2 c5 9. a3 Ba5 10. b4 Nxc3 11. Nxc3 cxb4 12. axb4 Bxb4 13. Bd2 Nc6 14. Be2 f5 15. Qf4 Qg5 16. Qxg5 hxg5 17. Nb5 Bxd2+ 18. Kxd2 Bd7 19. c3 Ke7 20. Nd6 b6 21. h3 Na5 22. Rhb1 Bc6 23. Ba6 Rhd8 24. Ra3 Kf8 25. f3 Rd7 26. Ke3 f4+ 27. Kd2 Rc7 28. Rh1 Ke7 1/2-1/2

[Event "Goch op 24th"]
[Site "Goch"]
[Date "2013.09.08"]
[Round "7"]
[White "Buckels, Valentin"]
[Black "Ten Vergert, Paul"]
[Result "1/2-1/2"]
[WhiteElo "1992"]
[BlackElo "2199"]
[PlyCount "22"]
[EventDate "2013.09.05"]
[EventType "swiss"]
[EventRounds "7"]
[EventCountry "GER"]
[SourceTitle "EXT 2015"]
[Source "ChessBase"]
[SourceDate "2014.11.20"]
[SourceVersion "1"]
[SourceVersionDate "2014.11.20"]
[SourceQuality "1"]

1. d4 Nf6 2. c4 e5 3. dxe5 Ng4 4. Nf3 Bc5 5. e3 Nc6 6. Be2 0-0 7. 0-0 Re8 8. Nd4 Ngxe5 9. a3 a5 10. Nc3 d6 11. Ndb5 Na7 1/2-1/2

[Event "BL2-West 1213"]
[Site "Germany"]
[Date "2012.12.09"]
[Round "4.2"]
[White "Fritsche, Lutz"]
[Black "Ten Vergert, Paul"]
[Result "1/2-1/2"]
[WhiteElo "2319"]
[BlackElo "2214"]
[PlyCount "64"]
[EventDate "2012.10.14"]
[EventType "team-tourn"]
[EventRounds "9"]
[EventCountry "GER"]
[SourceTitle "CBM 154 Extra"]
[Source "ChessBase"]
[SourceDate "2013.06.25"]
[SourceVersion "2"]
[SourceVersionDate "2013.06.25"]
[SourceQuality "1"]
[WhiteTeam "Koblenz"]
[BlackTeam "Nordhorn Blanke"]
[WhiteTeamCountry "GER"]
[BlackTeamCountry "GER"]

1. e4 c5 2. Nf3 Nc6 3. Bb5 g6 4. c3 Bg7 5. d4 Qb6 6. Qe2 cxd4 7. 0-0 Nf6 8. cxd4 a6 9. Bc4 Nxd4 10. Nxd4 Qxd4 11. Nc3 d6 12. Rd1 Qe5 13. f4 Qh5 14. Qxh5 gxh5 15. Be3 Bg4 16. Rd2 Rc8 17. Bd3 Bd7 18. h3 Bc6 19. Re1 Nd7 20. Be2 h4 21. Bg4 Rd8 22. Bd4 Nf6 23. Bb6 Rb8 24. e5 dxe5 25. Bc7 Ra8 26. Bxe5 0-0 27. Bf3 Bxf3 28. gxf3 Rad8 29. Rg2 Kh8 30. Ne4 Nh5 31. Rg5 Bxe5 32. fxe5 Rg8 1/2-1/2

[Event "BL2-West 1213"]
[Site "Germany"]
[Date "2012.11.25"]
[Round "3.2"]
[White "Ten Vergert, Paul"]
[Black "Nijboer, Friso"]
[Result "0-1"]
[WhiteElo "2214"]
[BlackElo "2535"]
[PlyCount "74"]
[EventDate "2012.10.14"]
[EventType "team-tourn"]
[EventRounds "9"]
[EventCountry "GER"]
[SourceTitle "CBM 154 Extra"]
[Source "ChessBase"]
[SourceDate "2013.06.25"]
[SourceVersion "2"]
[SourceVersionDate "2013.06.25"]
[SourceQuality "1"]
[WhiteTeam "Nordhorn Blanke"]
[BlackTeam "Bochum SV"]
[WhiteTeamCountry "GER"]
[BlackTeamCountry "GER"]

1. e4 d6 2. d4 Nf6 3. Nc3 g6 4. Be3 a6 5. f3 Nbd7 6. Qd2 b5 7. g4 Bb7 8. h4 h6 9. Nh3 Bg7 10. 0-0-0 Nb6 11. g5 hxg5 12. Nxg5 e6 13. Qf2 d5 14. exd5 Nbxd5 15. Nce4 Nxe3 16. Qxe3 Nxe4 17. fxe4 Qe7 18. Kb1 Bh6 19. Qf3 Bxg5 20. hxg5 Rxh1 21. Qxh1 Qxg5 22. Bd3 0-0-0 23. c3 f5 24. Rg1 Qe3 25. Bc2 Bxe4 26. Bxe4 fxe4 27. Re1 Qf3 28. Qg1 Rg8 29. Qe3 g5 30. Qxe4 Qxe4+ 31. Rxe4 Kd7 32. Kc2 g4 33. Kd2 g3 34. Re1 g2 35. Rg1 Kd6 36. Ke3 Kd5 37. Kf3 b4 0-1

[Event "Niedersachsen-ch op-B"]
[Site "Verden"]
[Date "2012.01.04"]
[Round "6"]
[White "Helmer, Christoph"]
[Black "Ten Vergert, Paul"]
[Result "1/2-1/2"]
[WhiteElo "1949"]
[BlackElo "2200"]
[PlyCount "43"]
[EventDate "2012.01.02"]
[EventType "swiss"]
[EventRounds "7"]
[EventCountry "GER"]
[SourceTitle "EXT 2021"]
[Source "ChessBase"]
[SourceDate "2020.10.23"]
[SourceVersion "1"]
[SourceVersionDate "2020.10.23"]
[SourceQuality "1"]

1. e4 c5 2. Nf3 Nc6 3. d4 cxd4 4. Nxd4 Nf6 5. Nc3 e5 6. Ndb5 d6 7. Bg5 a6 8. Na3 b5 9. Nd5 Be7 10. Bxf6 Bxf6 11. c4 b4 12. Nc2 a5 13. Qd3 Bg5 14. Rd1 0-0 15. Be2 Kh8 16. 0-0 f5 17. Bf3 f4 18. Qe2 Be6 19. Rd2 Ne7 20. Nxe7 Qxe7 21. Rfd1 Rfd8 22. b3 1/2-1/2

[Event "Niedersachsen-ch op-B"]
[Site "Verden"]
[Date "2012.01.02"]
[Round "2"]
[White "Ten Vergert, Paul"]
[Black "Krneta, Slavko"]
[Result "1/2-1/2"]
[WhiteElo "2200"]
[BlackElo "1882"]
[PlyCount "34"]
[EventDate "2012.01.02"]
[EventType "swiss"]
[EventRounds "7"]
[EventCountry "GER"]
[SourceTitle "EXT 2021"]
[Source "ChessBase"]
[SourceDate "2020.10.23"]
[SourceVersion "1"]
[SourceVersionDate "2020.10.23"]
[SourceQuality "1"]

1. e4 e6 2. d4 d5 3. Nc3 Nf6 4. Bg5 Be7 5. e5 Nfd7 6. h4 a6 7. Nf3 c5 8. Ne2 cxd4 9. Nexd4 Nc6 10. Nxc6 bxc6 11. Bd3 Nc5 12. 0-0 Bd7 13. c3 Nxd3 14. Qxd3 h6 15. Bxe7 Qxe7 16. g4 h5 17. g5 g6 1/2-1/2

[Event "Oberliga Nord W 1112"]
[Site "Germany"]
[Date "2011.12.11"]
[Round "4.3"]
[White "Ten Vergert, Paul"]
[Black "Buck, Lars"]
[Result "1-0"]
[WhiteElo "2194"]
[BlackElo "2152"]
[PlyCount "65"]
[EventDate "2011.10.02"]
[EventType "team-tourn"]
[EventRounds "9"]
[EventCountry "GER"]
[SourceTitle "EXT 2013"]
[Source "ChessBase"]
[SourceDate "2012.11.22"]
[SourceVersion "1"]
[SourceVersionDate "2012.11.22"]
[SourceQuality "1"]
[WhiteTeam "Nordhorn Blanke"]
[BlackTeam "Stade"]
[WhiteTeamCountry "GER"]
[BlackTeamCountry "GER"]

1. e4 d6 2. d4 Nf6 3. Nc3 g6 4. f4 Bg7 5. Nf3 c5 6. Bb5+ Bd7 7. e5 Ng4 8. e6 Bxb5 9. exf7+ Kd7 10. Nxb5 Qa5+ 11. Nc3 cxd4 12. Nxd4 h5 13. Qf3 Nc6 14. Nxc6 Bxc3+ 15. bxc3 bxc6 16. 0-0 Rhf8 17. h3 Nh6 18. Rb1 Kc7 19. Be3 Nf5 20. Bf2 h4 21. Rb3 Rab8 22. Rxb8 Rxb8 23. Qe2 Qxa2 24. c4 Qb2 25. c5 d5 26. Bxh4 Qd4+ 27. Bf2 Qf6 28. g4 Nd4 29. Bxd4 Qxd4+ 30. Kg2 Qe4+ 31. Qxe4 dxe4 32. Ra1 Rf8 33. Rxa7+ 1-0

[Event "Pardubice Czech op 22nd"]
[Site "Pardubice"]
[Date "2011.07.26"]
[Round "5"]
[White "Ten Vergert, Paul"]
[Black "Nun, Jiri"]
[Result "0-1"]
[WhiteElo "2194"]
[BlackElo "2360"]
[PlyCount "61"]
[EventDate "2011.07.22"]
[EventType "swiss"]
[EventRounds "9"]
[EventCountry "CZE"]
[SourceTitle "CBM 143 Extra"]
[Source "ChessBase"]
[SourceDate "2011.08.29"]
[SourceVersion "1"]
[SourceVersionDate "2011.08.29"]
[SourceQuality "1"]

1. e4 c5 2. Nf3 Nc6 3. Nc3 Nf6 4. d4 cxd4 5. Nxd4 e5 6. Ndb5 d6 7. Bg5 a6 8. Na3 b5 9. Nd5 Be7 10. Bxf6 Bxf6 11. c4 0-0 12. g3 Nd4 13. Bg2 Be6 14. 0-0 Bxd5 15. cxd5 Rc8 16. Qd3 Qa5 17. Rfc1 Qb4 18. Nc2 Qxb2 19. Rab1 Qxa2 20. Nxd4 exd4 21. Ra1 Qb2 22. Rcb1 Qc3 23. Qd1 d3 24. Rxa6 Qd4 25. Rc6 Ra8 26. Qd2 Ra3 27. Bf3 h6 28. Rxb5 Rfa8 29. Rb1 Ra2 30. Qe1 Bg5 31. Rb4 0-1

[Event "Pardubice Czech op 22nd"]
[Site "Pardubice"]
[Date "2011.07.22"]
[Round "1"]
[White "Ten Vergert, Paul"]
[Black "Antipov, Mikhail Al"]
[Result "0-1"]
[WhiteElo "2194"]
[BlackElo "2407"]
[PlyCount "52"]
[EventDate "2011.07.22"]
[EventType "swiss"]
[EventRounds "9"]
[EventCountry "CZE"]
[SourceTitle "CBM 143 Extra"]
[Source "ChessBase"]
[SourceDate "2011.08.29"]
[SourceVersion "1"]
[SourceVersionDate "2011.08.29"]
[SourceQuality "1"]

1. e4 c5 2. Nf3 d6 3. d4 cxd4 4. Nxd4 Nf6 5. Nc3 a6 6. Be3 e5 7. Nb3 Be6 8. Qd2 Nbd7 9. 0-0-0 b5 10. f4 Rc8 11. f5 Bc4 12. g4 Nxg4 13. Bg5 Ngf6 14. Qg2 Be7 15. Bxf6 Nxf6 16. Qxg7 Rg8 17. Qh6 b4 18. Na4 Bb5 19. Nac5 Qc7 20. Bxb5+ axb5 21. Rdg1 Rxg1+ 22. Rxg1 dxc5 23. Qg7 Qb6 24. Rd1 c4 25. Qh8+ Bf8 26. Na5 Ke7 0-1

[Event "NED-ch U21"]
[Site "Haarlem"]
[Date "2011.05.07"]
[Round "8"]
[White "Mostertman, Milan"]
[Black "Ten Vergert, Paul"]
[Result "1-0"]
[WhiteElo "2206"]
[BlackElo "2150"]
[PlyCount "63"]
[EventDate "2011.04.30"]
[EventType "swiss"]
[EventRounds "9"]
[EventCountry "NED"]
[SourceTitle "CBM 142 Extra"]
[Source "ChessBase"]
[SourceDate "2011.06.27"]
[SourceVersion "1"]
[SourceVersionDate "2011.06.27"]
[SourceQuality "1"]

1. e4 c5 2. Nf3 Nc6 3. d4 cxd4 4. Nxd4 Nf6 5. Nc3 e5 6. Ndb5 d6 7. Bg5 a6 8. Na3 b5 9. Nd5 Be7 10. Bxf6 Bxf6 11. c4 b4 12. Nc2 a5 13. g3 Bg5 14. Bg2 0-0 15. 0-0 Ne7 16. Nxe7+ Qxe7 17. Qd3 Qc7 18. Rad1 Ba6 19. b3 Rad8 20. Kh1 Bc8 21. f4 exf4 22. gxf4 Bh4 23. Ne3 Kh8 24. Rd2 Qc5 25. Qe2 Be6 26. f5 Bc8 27. Rd5 Qb6 28. f6 g6 29. Rf4 g5 30. Rxh4 gxh4 31. Rh5 Qc5 32. Nd5 1-0

[Event "NED-ch U21"]
[Site "Haarlem"]
[Date "2011.05.01"]
[Round "2"]
[White "Ten Hertog, Hugo"]
[Black "Ten Vergert, Paul"]
[Result "1/2-1/2"]
[WhiteElo "2291"]
[BlackElo "2150"]
[PlyCount "30"]
[EventDate "2011.04.30"]
[EventType "swiss"]
[EventRounds "9"]
[EventCountry "NED"]
[SourceTitle "CBM 142 Extra"]
[Source "ChessBase"]
[SourceDate "2011.06.27"]
[SourceVersion "1"]
[SourceVersionDate "2011.06.27"]
[SourceQuality "1"]

1. e4 c5 2. Nf3 Nc6 3. d4 cxd4 4. Nxd4 Nf6 5. Nc3 e5 6. Ndb5 d6 7. Bg5 a6 8. Na3 b5 9. Nd5 Qa5+ 10. Bd2 Qd8 11. Nxf6+ Qxf6 12. c3 Qg6 13. Qf3 Bg4 14. Qe3 Be7 15. Nc2 0-0 1/2-1/2

[Event "Oberliga Nord W 1011"]
[Site "Germany"]
[Date "2011.03.20"]
[Round "8.3"]
[White "Clemens, Christian"]
[Black "Ten Vergert, Paul"]
[Result "1/2-1/2"]
[WhiteElo "2315"]
[BlackElo "2117"]
[PlyCount "29"]
[EventDate "2010.10.10"]
[EventType "team-tourn"]
[EventRounds "9"]
[EventCountry "GER"]
[SourceTitle "EXT 2012"]
[Source "ChessBase"]
[SourceDate "2011.11.24"]
[SourceVersion "1"]
[SourceVersionDate "2011.11.24"]
[SourceQuality "1"]
[WhiteTeam "Braunschweig Gliesmarode"]
[BlackTeam "Nordhorn Blanke"]
[WhiteTeamCountry "GER"]
[BlackTeamCountry "GER"]

1. g3 e5 2. c4 Nf6 3. Bg2 d5 4. cxd5 Nxd5 5. Nf3 Nc6 6. 0-0 Be7 7. d4 e4 8. Ne5 f5 9. Nxc6 bxc6 10. Nc3 0-0 11. f3 exf3 12. Bxf3 Be6 13. Nxd5 Bxd5 14. Be3 Rb8 15. Qd2 1/2-1/2

[Event "Niedersachsen-ch op"]
[Site "Verden"]
[Date "2011.01.03"]
[Round "3"]
[White "Ten Vergert, Paul"]
[Black "Meyer, Irmin"]
[Result "1-0"]
[WhiteElo "2149"]
[BlackElo "1996"]
[PlyCount "58"]
[EventDate "2011.01.02"]
[EventType "swiss"]
[EventRounds "7"]
[EventCountry "GER"]
[SourceTitle "EXT 2018"]
[Source "ChessBase"]
[SourceDate "2017.10.13"]
[SourceVersion "1"]
[SourceVersionDate "2017.10.13"]
[SourceQuality "1"]

1. e4 c6 2. d4 d5 3. e5 c5 4. Ne2 Nc6 5. c3 Bf5 6. dxc5 Nxe5 7. Nd4 Bd7 8. Be2 e6 9. b4 Nf6 10. 0-0 Be7 11. Be3 a6 12. Nd2 0-0 13. f4 Nc6 14. Qc2 Qc7 15. a4 e5 16. fxe5 Qxe5 17. Qd3 Qc7 18. Bf4 Qc8 19. Qg3 Re8 20. Bh6 g6 21. Rae1 Nxd4 22. cxd4 Bf5 23. Bf3 Qd7 24. Re5 Kh8 25. Bd1 Ng8 26. Bf4 Bf6 27. Rxe8 Rxe8 28. Nf3 Bg7 29. Ne5 Nf6 1-0

[Event "Oberliga Nord W 1011"]
[Site "Germany"]
[Date "2010.12.12"]
[Round "4.3"]
[White "Kampmann, Heiko"]
[Black "Ten Vergert, Paul"]
[Result "1/2-1/2"]
[WhiteElo "2205"]
[BlackElo "2117"]
[PlyCount "40"]
[EventDate "2010.10.10"]
[EventType "team-tourn"]
[EventRounds "9"]
[EventCountry "GER"]
[SourceTitle "EXT 2012"]
[Source "ChessBase"]
[SourceDate "2011.11.24"]
[SourceVersion "1"]
[SourceVersionDate "2011.11.24"]
[SourceQuality "1"]
[WhiteTeam "Hannover PSC"]
[BlackTeam "Nordhorn Blanke"]
[WhiteTeamCountry "GER"]
[BlackTeamCountry "GER"]

1. d4 Nf6 2. Nc3 d5 3. Bg5 e6 4. Nf3 Be7 5. Bxf6 Bxf6 6. e4 dxe4 7. Nxe4 Nd7 8. Bd3 0-0 9. Qe2 c5 10. Nxf6+ Nxf6 11. 0-0-0 Qa5 12. Kb1 cxd4 13. Nxd4 Bd7 14. Rhe1 Rac8 15. g3 Ba4 16. Bb5 Rfd8 17. Bxa4 Qxa4 18. c3 Rd5 19. Nb3 b6 20. Rd4 Qc6 1/2-1/2

[Event "Oberliga Nord W 1011"]
[Site "Germany"]
[Date "2010.10.10"]
[Round "1.3"]
[White "Schuh, Dirk"]
[Black "Ten Vergert, Paul"]
[Result "0-1"]
[WhiteElo "2336"]
[BlackElo "2117"]
[PlyCount "84"]
[EventDate "2010.10.10"]
[EventType "team-tourn"]
[EventRounds "9"]
[EventCountry "GER"]
[SourceTitle "EXT 2012"]
[Source "ChessBase"]
[SourceDate "2011.11.24"]
[SourceVersion "1"]
[SourceVersionDate "2011.11.24"]
[SourceQuality "1"]
[WhiteTeam "Melle III"]
[BlackTeam "Nordhorn Blanke"]
[WhiteTeamCountry "GER"]
[BlackTeamCountry "GER"]

1. e4 c5 2. Nc3 Nc6 3. Bb5 g6 4. Bxc6 dxc6 5. f4 Bg7 6. Nf3 Nf6 7. d3 0-0 8. 0-0 Bg4 9. Be3 Qa5 10. Qe1 Bxf3 11. Rxf3 Ng4 12. Bd2 Bd4+ 13. Kh1 c4 14. Qh4 f5 15. h3 Qb6 16. hxg4 Qxb2 17. Qe1 fxg4 18. Rg3 Bf2 19. Qxf2 Qxa1+ 20. Kh2 cxd3 21. Rxd3 Rad8 22. Qc5 Rxd3 23. Qc4+ Rf7 24. cxd3 Qf1 25. e5 g5 26. Ne4 gxf4 27. Ng5 g3+ 28. Kh3 Qh1+ 29. Kg4 h5+ 30. Kf3 Qf1+ 31. Ke4 Qe2+ 32. Kd4 c5+ 33. Qxc5 Qf2+ 34. Kc4 Qxd2 35. Qc8+ Kg7 36. Qe8 Qxa2+ 37. Kd4 Qb2+ 38. Kc4 b5+ 39. Kd5 Qxg2+ 40. Kc5 Qc2+ 41. Kd4 Qb2+ 42. Ke4 Qe2+ 0-1